| 000 | 01359cam a2200373 a 4500 | ||
|---|---|---|---|
| 001 | 4278 | ||
| 003 | FISKH | ||
| 005 | 20250331081042.0 | ||
| 008 | 101025s2011 nyua b 000 1 eng | ||
| 010 | _a 2010040337 | ||
| 020 | _a9780062001788 (trade bdg.) | ||
| 020 | _a9780062001771 (pbk. bdg.) | ||
| 040 |
_aDLC _cDLC _dDLC _beng |
||
| 050 | _aPZ7.O222 | ||
| 082 | _a813.54 | ||
| 100 | 1 | _aO'Connor, Jane. | |
| 245 | 1 | 0 |
_aFancy Nancy and the mean girl / _cby Jane O'Connor ; cover illustration by Robin Preiss Glasser ; interior illustrations by Ted Enik. |
| 260 |
_aNew York : _bHarper, _c2011. |
||
| 300 |
_a32 pages : _bcolor illustrations ; _c23 cm |
||
| 490 | 0 | _aI can read! Level 1 | |
| 505 | _aJ | ||
| 520 | _aFeeling bad about last year's Field Day, in which her slow running cost the relay team a victory, Nancy, who enjoys using fancy words, finds herself facing another Field Day and another relay race with a mean classmate. | ||
| 521 | 8 |
_a500
_bLexile |
|
| 521 | 8 |
_aJ
_bRaz-Plus |
|
| 650 | 1 |
_aRunning _vFiction. |
|
| 650 | 1 |
_aRacing _vFiction. |
|
| 650 | 1 |
_aSportsmanship _vFiction. |
|
| 650 | 1 |
_aVocabulary _vFiction. |
|
| 700 | 1 |
_aPreiss-Glasser, Robin. _eCover illustrator |
|
| 700 | 1 |
_aEnik, Ted, _eillustrator |
|
| 906 |
_a7 _bcbc _corignew _d1 _eecip _f20 _gy-gencatlg |
||
| 942 |
_2ddc _cBK _n0 |
||
| 999 |
_c4278 _d4278 |
||